<?xml version="1.0" encoding="UTF-8"?>
<marc:record xmlns:marc="http://www.loc.gov/MARC21/slim">
   <marc:leader>00000nam a2200000 a 4500</marc:leader>
   <marc:datafield ind1="1" ind2=" " tag="100">
      <marc:subfield code="a">Pauly, Gisa</marc:subfield>
      <marc:subfield code="4">aut</marc:subfield>
      <marc:subfield code="e">Verfasser/-in</marc:subfield>
   </marc:datafield>
   <marc:datafield ind1=" " ind2=" " tag="653">
      <marc:subfield code="a">Krimi</marc:subfield>
   </marc:datafield>
   <marc:datafield ind1="0" ind2="0" tag="245">
      <marc:subfield code="a">Treibholz</marc:subfield>
   </marc:datafield>
   <marc:datafield ind1=" " ind2="1" tag="264">
      <marc:subfield code="b">Piper Verlag GmbH</marc:subfield>
      <marc:subfield code="c">2023</marc:subfield>
   </marc:datafield>
   <marc:datafield ind1="1" ind2=" " tag="520">
      <marc:subfield code="a">Vor fünf Jahren wurde Sandra Lührsen des Mordes an ihrer Schwiegermutter schuldig gesprochen. Nun stellt sich heraus, dass eine Falschaussage zu dem Urteil führte. Was für ein Skandal! Die vermeintliche Mörderin muss freigesprochen werden und kehrt nach Sylt zurück. Wie zu erwarten, überschlagen sich die Spekulationen der Sylter – Mamma Carlotta jedenfalls steht auf Sandras Seite, welch schreckliches Schicksal die Arme durchleiden musste! Doch wer ist der wahre Mörder ihrer Schwiegermutter? Genau das soll Kommissar Erik Wolf jetzt herausfinden; kein leichtes Unterfangen nach so langer Zeit. Er ahnt natürlich nicht, dass es tatsächlich jemanden auf der Insel gibt, der mehr weiß und gute Gründe hat, zu schweigen …</marc:subfield>
   </marc:datafield>
   <marc:datafield ind1=" " ind2=" " tag="020">
      <marc:subfield code="a">9783492317375</marc:subfield>
      <marc:subfield code="9">9783492317375</marc:subfield>
   </marc:datafield>
</marc:record>
